000 00967nam a22003617a 4500
001 BR0804360
003 BR-BrBNA
005 20230928102630.0
007 ta
008 230509b bl.||||| |||| 00| 0 por d
040 _aBR-BrBNA
_bpor
_cBiblioteca Nacional de Agricultura
041 _a(Por)
072 _aK10; E80; P01
090 _ K10 BR0804360
100 1 _aShanley, P.(ed.)
100 1 _aMedina, G.(ed.)
245 1 _aFrutíferas e plantas úteirs na vida amazônica
260 3 _aBelém, PA (Brasil):
_c2005.
300 _a304 p.
500 _aBibliography p. 287-296
650 _aPRODUTO FLORESTAL
650 _aFRUTA
650 _aEDUCAÇÃO AMBIENTAL
650 _aPRODUÇÃO FLORESTAL
650 _aCULINÁRIA
650 _aANÁLISE ECONÔMICA
650 _aTAXONOMIA VEGETAL
650 _aCARACTERÍSTICAS AGRONÔMICAS
650 _aHISTÓRIA
650 _aAMAZÔNIA
909 _a202309
_bLucia
_c55
_dLucia Elande
942 _cBK
999 _c71758
_d71758